Responses for Show #2933 - Wednesday, May 7, 1997

1997 International Tournament semifinal game 3.
From Stockholm, Sweden.

Contestants

[<< previous game]

Anatoly Belkine, a scientific associate from Russia

Per Gunnar Hillesoy, an assistant dean of students from Norway

Gay Mollette, a procurement manager from Bronx, New York, USA

[next game >>]

Jeopardy! Round responses

FORMER NAMES OF COUNTRIES
(F D NAMN PA LANDER)
THE LIVING EARTH
(DEN LEVANDE JORDEN)
ATHLETES
(IDROTTARE)
LITERARY HODGEPODGE
(LITTERAR PYTTIPANNA)
COMMUNICATION
(KOMMUNIKATIONER)
FILE UNDER "T"
(SORTERA UNDER "T")
    $100 10
Iran

Anatoly
    $100 26
Sun & moon

Per Gunnar
    $100 21
Muhammad Ali

Anatoly
    $100 1
Ernest Hemingway

Per Gunnar
    $100 12
Alexander Graham Bell

Gay
    $100 16
Titanic

Per Gunnar
    $200 9
Sri Lanka

Gay
    $200 27
Bark

Gay
    $200 24
Alberto Tomba

Gay
    $200 2
Isak Dinesen/Karen Blixen

Per Gunnar
    $200 13
Smoke

Gay
    $200 17
Troy

Per Gunnar
    $300 8
Switzerland

Anatoly
    $300 28
Wind

Anatoly
    $300 25
Annika Sorenstam

Per Gunnar
    $300 3
Dylan Thomas

Gay
    $300 14
Eyes

Gay
    $300 18
Marie Tussaud

Per Gunnar
    $400 7
Tanzania

Per Gunnar
    $400 30
Viper

Anatoly
    $400 23
Diego Maradona

Per Gunnar
    $400 4
Inspector Maigret

Per Gunnar
    $400 15
(Per Gunnar: What are whales?)

elephants

GayPer Gunnar
    $400 19
Tristan

Per Gunnar
    $500 6
(Gay: What is...)

Madagascar

GayAnatoly
    $500 29
Hyenas

Per Gunnar
    $500 22
Michelle Kwan

Triple Stumper
    $500 5
Ivan Turgenev

Anatoly
    $500 11
Minitel

Gay
    $1,000 20
Talleyrand

Per Gunnar

Scores at the first commercial break (after clue 14):

Gay Per Gunnar Anatoly
$1,100 $1,100 $1,400

Scores at the end of the Jeopardy! Round:

Gay Per Gunnar Anatoly
$1,900 $4,000 $2,200

Double Jeopardy! Round responses

THE NOBEL PRIZE
(NOBEL-PRISET)
FAMOUS AMERICANS
(BEROMDA AMERIKANER)
FILM DIRECTORS
(FILM-REGISSORS)
RELIGION
THE MIDDLE AGES
(MEDELTIDEN)
OPERA
    $200 11
Al Gore

Per Gunnar
    $200 1
George Lucas

Gay
    $200 17
Roman Catholic Church

Gay
    $200 18
Korea

Per Gunnar
    $200 6
Hansel and Gretel

Gay
    $400 29
[The end-of-round signal sounds.]

Mother Teresa

Gay
    $400 12
Neil Armstrong

Anatoly
    $400 2
Ingmar Bergman

Per Gunnar
    $400 16
Martin Luther

Anatoly
    $400 19
Jerusalem

Anatoly
    $400 7
Don Quixote

Per Gunnar
    $600 27
Enrico Fermi

Anatoly
    $2,500 21
[Arrangement in Grey and Black No. 1 was shown.]
(Per Gunnar: [No response])

James Whistler (Whistler's Mother)

Per Gunnar
    $600 3
John Ford

Gay
    $600 15
(Anatoly: What is Hinduism?)

Buddhism

GayAnatoly
    $600 20
Bourgeoisie

Per Gunnar
    $600 8
Luciano Pavarotti

Per Gunnar
    $800 26
Ivan Pavlov

Gay
    $800 22
Frank Lloyd Wright

Gay
    $800 4
Wes Craven

Gay
    $800 14
(Gay: What is Shintoism?)

Taoism

Gay
Triple Stumper
    $800 24
Aristotle

Per Gunnar
    $800 9
Giuseppe Verdi

Gay
    $2,400 28
Economics

Anatoly
    $1000 23
Annie Oakley

Gay
    $1000 5
Jean-Luc Godard

Gay
    $1000 13
(Anatoly: What is Islam?)
(Gay: What is Christianity?)

Hinduism

GayAnatoly
Triple Stumper
    $1000 25
(Alex: We have less than a minute to go.)

a hammer

Triple Stumper
    $1000 10
Bedrich Smetana

Gay

Scores at the end of the Double Jeopardy! Round:

Gay Per Gunnar Anatoly
$8,500 $4,700 $4,800

[wagering suggestions for these scores]

Final Jeopardy! Round responses

ANCIENT PLAYWRIGHTS
Per GunnarWho is Sofokles?
$4,700
AnatolyWho was Aeschilles
$4,799
GayWho was Euripedes
$1,101
Sophocles ("Oedipus at Colonus")

Final scores:

Gay Per Gunnar Anatoly
$7,399 $9,400 $1
2nd place: $5,000 Finalist 3rd place: $5,000

Game dynamics:

Coryat scores:

Gay Per Gunnar Anatoly
$8,500 $6,700 $3,400
22 R,
3 W
20 R
(including 1 DD),
2 W
(including 1 DD)
12 R
(including 1 DD),
2 W

Combined Coryat: $18,600

[game clues] [game scores] [suggest correction]

Game tape date: 1997-04-19
The J! Archive is created by fans, for fans. Scraping, republication, monetization, and malicious use prohibited; this site may use cookies and collect identifying information. See terms. The Jeopardy! game show and all elements thereof, including but not limited to copyright and trademark thereto, are the property of Jeopardy Productions, Inc. and are protected under law. This website is not affiliated with, sponsored by, or operated by Jeopardy Productions, Inc. Join the discussion at JBoard.tv.